000 00409nam a2200157Ia 4500
008 240729s9999 xx 000 0 und d
022 _a2673-4915
245 0 _aFrontiers in Dental Medicine
260 _aSwitzerland
260 _bFrontiers Media S.A.
650 _a Dentistry
650 _aMedicine
856 _uhttps://doaj.org/toc/091c62926fc34a0599a550fb8bafefd2
942 _2ddc
942 _cDOAJEJ
999 _c67357
_d67357
945 _a1
_bMadushi Gamage
_c1
_dMadushi Gamage